Statistics for Italian football players by picture

Click here to take the quiz!

General Stats

  • This quiz has been taken 191 times
  • The average score is 11 of 15

Answer Stats

Answer% Correct
Gianluigi Buffon
100%
Andrea Pirlo
97%
Giorgio Chiellini
96%
Mario Balotelli
96%
Paolo Maldini
96%
Francesco Totti
94%
Roberto Baggio
86%
Daniele De Rossi
81%
Alessandro Del Piero
79%
Fabio Cannavaro
78%
Dino Zoff
62%
Claudio Marchisio
61%
Franco Baresi
42%
Giuseppe Meazza
29%
Gianni Rivera
17%

Score Distribution

Percentile by Number Answered

Percent of People with Each Score

Your Score History

You have not taken this quiz